Countries Closest to Iraq by first 2 letters - Statistics

General Stats
  • This quiz has been taken 303 times
  • The average score is 15 of 20
Answer Stats
km country miles % Correct
0 Iran 0
100%
0 Saudi Arabia 0
94%
0 Turkey 0
92%
697 Turkmenistan 433
92%
292 Israel 181
88%
0 Kuwait 0
88%
0 Syria 0
88%
0 Jordan 0
83%
220 Lebanon 137
80%
419 Georgia 260
74%
222 Armenia 138
73%
492 Qatar 306
73%
211 Azerbaijan 131
72%
321 Palestine 199
70%
448 Bahrain 378
62%
468 Egypt 291
61%
686 United Arab Emirates 426
61%
510 Russia 317
56%
463 Cyprus 288
54%
834 Kazakhstan 518
49%
No matching quizzes found
Score Distribution
Percent of People with Each Score
Percentile by Number Answered
Your Score History
You have not taken this quiz